000 00356nam a22001217a 4500
008 230704b xxu||||| |||| 00| 0 eng d
082 _a341.765
_bWHO
110 _bWorld Health Organization
245 _aFifty-Fourth
_bWorld Health Assembly
_cResolutions and Decisions
260 _aGeneva
_bWorld Health Organization
_c2001
300 _a39p
942 _2ddc
_cBK
999 _c3828
_d3828